Highlights of Latin American art, 2. (Record no. 51627)
[ view plain ]
| 000 -LEADER | |
|---|---|
| fixed length control field | 00747nam a22002051 4500 |
| 001 - CONTROL NUMBER | |
| control field | pa 68000100 |
| 003 - CONTROL NUMBER IDENTIFIER | |
| control field | DLC |
| 005 - DATE AND TIME OF LATEST TRANSACTION | |
| control field | 20260227111857.0 |
| 008 - FIXED-LENGTH DATA ELEMENTS--GENERAL INFORMATION | |
| fixed length control field | 710901s1959 dcuf 00000 eng c |
| 010 ## - LIBRARY OF CONGRESS CONTROL NUMBER | |
| LC control number | pa 68000100 |
| 040 ## - CATALOGING SOURCE | |
| Original cataloging agency | Pan American Union. Library |
| 043 ## - GEOGRAPHIC AREA CODE | |
| Geographic area code | cl----- |
| 110 20 - MAIN ENTRY--CORPORATE NAME | |
| Corporate name or jurisdiction name as entry element | Pan American Union. |
| Subordinate unit | Division of Visual Arts. |
| 245 00 - TITLE STATEMENT | |
| Title | Highlights of Latin American art, 2. |
| 260 0# - PUBLICATION, DISTRIBUTION, ETC. | |
| Place of publication, distribution, etc. | Washington, |
| Name of publisher, distributor, etc. | Pan American Union, |
| Date of publication, distribution, etc. | 1959. |
| 300 ## - PHYSICAL DESCRIPTION | |
| Extent | 24 plates (in portfolio) |
| Dimensions | 36 cm. |
| 500 ## - GENERAL NOTE | |
| General note | A continuation of Highlights of Latin American art, published in 1955 by the Union's Visual Arts Section. |
| 650 #0 - SUBJECT ADDED ENTRY--TOPICAL TERM | |
| Topical term or geographic name entry element | Art, Latin American. |
| 710 21 - ADDED ENTRY--CORPORATE NAME | |
| Corporate name or jurisdiction name as entry element | Pan American Union. |
| Subordinate unit | Visual Arts Section. |
| Title of a work | Highlights of Latin American art. |
No items available.